Lanean...

Manushya avakasathinte swantham pratinidhi /

Xehetasun bibliografikoak
Egile nagusia: Menon, Mukundan C.
Hizkuntza:Undetermined
Argitaratua: Noornad : Fabian Books , 1999.
Gaiak:
LEADER 00558nam a2200169Ia 4500
001 139687
008 170722s9999 xx 000 0 und d
020 |a 8187333022 
100 |a Menon, Mukundan C. 
245 |a Manushya avakasathinte swantham pratinidhi / 
260 |a Noornad :  |b Fabian Books ,  |c 1999. 
300 |a 196 p.  |c 22cms 
653 |a Human Rights 
653 |a India 
942 |c GEN 
999 |c 119412  |d 119412 
952 |0 0  |1 0  |4 0  |6 W_5_2_000000000000000_32N9  |7 0  |9 168941  |a LIB  |b LIB  |d 2017-08-12  |l 2  |o W:5.2 32N9  |p 234592  |r 2018-10-05  |s 2018-09-19  |v 90.00  |w 2017-08-12  |y GEN